000 00281nam a22001217a 4500
008 171016b xxu||||| |||| 00| 0 eng d
041 _aeng
080 _214 ED
_a33
100 _a52
101 _aECO
245 _aECONOMICS TODAY PREVIEW SAMPLER
_cMILLER.P
942 _2udc
_cBK
999 _c33997
_d33997